| 000 | 01631nam a2200445 c 4500 | ||
|---|---|---|---|
| 001 | 18570 | ||
| 003 | ES-MaCES | ||
| 005 | 20150217124521.0 | ||
| 008 | 060308s2006 sp t 100 | spa d | ||
| 017 |
_aV 1495-2005 _bDL |
||
| 020 | _a8484563103 | ||
| 035 | _aCES20060002192m | ||
| 040 |
_aES-MaCES _bspa _cES-MaCES |
||
| 111 | 2 |
_aJornadas Universitarias Valencianas de Derecho del Trabajo y Seguridad Social _n1ª _d2003 _cAlicante _9964 |
|
| 245 | 1 | 0 |
_aPrimeras Jornadas Universitarias Valencianas de Derecho del Trabajo y de la Seguridad Social _cFrancisco López-Tarruella Martínez, Juan Manuel Ramírez Martínez (coordinadores) |
| 260 |
_aValencia _bTirant lo Blanch _c2006 |
||
| 300 |
_a342 p. _c24 cm |
||
| 490 | 1 | _aLibros | |
| 504 | _aBibliografía | ||
| 541 | _cCompra | ||
| 650 | 4 |
_aderecho del trabajo _927165 |
|
| 650 | 4 |
_aseguridad social _927034 |
|
| 650 | 4 |
_aderecho concursal _931756 |
|
| 650 | 4 |
_aempleo temporal _929000 |
|
| 650 | 4 |
_aprestaciones por desempleo _927043 |
|
| 650 | 4 |
_ajubilación flexible _929552 |
|
| 650 | 4 |
_ajubilación progresiva _930271 |
|
| 650 | 4 |
_adespido colectivo _928359 |
|
| 650 | 4 |
_anegociación colectiva _928362 |
|
| 650 | 4 |
_aorganización del trabajo _929209 |
|
| 650 | 4 |
_aEspaña _926964 |
|
| 650 | 4 |
_aconferencia _927013 |
|
| 653 | 1 | 0 | _aDerecho del trabajo y Seguridad Social |
| 700 | 1 |
_aLópez- Tarruella Martínez, Francisco _ecol. _917012 |
|
| 700 | 1 |
_921677 _aRamírez Martínez, Juan Manuel _ecol. |
|
| 830 | 0 |
_aTirant lo Blanch libros _932173 |
|
| 902 | _aLIB Libro | ||
| 942 |
_2CES _cBK _h6.0.1. |
||
| 999 |
_c18570 _d18570 |
||